000 00907nam a22002417a 4500
999 _c7579
_d7579
003 AR-CdUCM
008 190320b ||||| |||| 00| 0 spa d
020 _a9786120002834
040 _aMUNICIPALIDAD PROVINCIAL DEL CUSCO
_cBIBLIOTECA MUNICIPAL DEL CUSCO
082 _a121 /
_bP57
100 _aPilco Loaiza
_921402
245 _aEstructura y dinámica de la ciencia :
_buna aproximación a la epistemología /
260 _aCusco :
_bCausa Educativa,
_c2010.
300 _a294 páginas ;
_c26 cm.
505 _aContenido: Aproximación a la epistemología -- Horizonte de la ciencia -- Consolidación de la ciencia -- Investigación científica ...
650 _aCiencia - Epistemología
_921403
650 _aCiencia - Metología
_921404
650 _aTeoría del conocimiento
_914467
650 _aInvestigación
_91940
650 _aTecnología
_91571
942 _2ddc
_cLIBROS
945 _alccs